000 00455nam a22001937a 4500
003 MPLRDC
005 20220104114023.0
008 210129b ||||| |||| 00| 0 eng d
020 _a957-32-1633-7
082 _a857.8 XSG v.76
100 _a叶姿麟
245 _a暗恋桃花源
_c
250 _a初版一刷
260 _a
_b远流出版公司
_c1992
300 _b
490 _a小说馆. 76
650 _a小说
942 _cBK
_o857.8 XSG v.76
999 _c4187
_d4177